Longest Words - Statistics

General Stats
  • This quiz has been taken 233 times
  • The average score is 6 of 13
Answer Stats
Word Amount of letters % Correct
pneumonoultramicroscopicsilicovolcanoconiosis 45
82%
floccinaucinihilipilification 29
54%
pseudopseudohypoparathyroidism 30
54%
antidisestablishmentarianism 28
47%
spectrophotofluorometrically 28
47%
hepaticocholangiogastrostomy 28
47%
thyroparathyroidectomized 25
43%
psychophysicotherapeutics 25
43%
immunoelectrophoretically 25
43%
psychoneuroendocrinological 27
43%
radioimmunoelectrophoresis 26
39%
pneumoencephalographically 26
39%
otorhinolaryngological 22
31%
No matching quizzes found
Score Distribution
Percent of People with Each Score
Percentile by Number Answered
Your Score History
You have not taken this quiz